1150 1027 1489 1737 1128 1859 1509 1525 1902 1398 1771 1460 1255 1220 1971 1771 1676 1131 1622 1749 1749 1827 1835 1737 1613 1306 1847 1305 1706 1244 1414 1798 1815 1256 1797 1187 1613 1803 1366 1183 1675 1362 1255 1625 1193 1637 1885 1699 1364 1136 1960 1706 1337 1020 1047 1682 1693 1244 1712 1909 1738 1514 1982 1322 1167 1506 1782 1700 1721 1822 1923 1491 1548 1564 1605 1166 1018 1966 1892 1345 1746 1185 1063 1647 1604 1552 1973 1142 1779 1781 1178 1727 1626 1197 1980 1576 1393 1254 1646 BCNSPRNW ULIB Ver.6.0+V

เปลี่ยนเป็นภาษาไทย

Change to English
 แสดงรายละเอียดบรรณานุกรม
  กลับหน้าหลัก

Brief Record : Get Marc (ISO 2709) : E-mail record : QR code < ปิดหน้าต่าง
LEADER : 00000nam 2200000uu 4500
001    13399127412
003     ULIB
008    200520s2562||||th 000 0 tha d
020    ู^a9786168218044
050  0 ^aนว^bธ739ว
100    ^aธุวัฒธรรพ์
245    ^aวารีสีเลือด
250    ^aพิมพ์ครั้งที่ 1
260    ^aกรุงเทพฯ :^bกู๊ด คอนเทนส์,^c2562
300    ^a184 หน้า;^b21 ซม.
650    ^aนวนิยาย
945    ^p179^l0^i007086
999    ^aประนอม เกษจรัล
รายการนี้ยังไม่มีแท็ก
คุณยังไม่ได้ล็อกอิน คุณสามารถมีกิจกรรมร่วมกับเว็บไซต์ได้ แต่ต้องล็อกอินก่อน ::
  ล็อกอิน

รายการสื่อสารสนเทศ

ลำดับที่ ประเภท เลขเรียก/บาร์โค้ด สถานที่ สถานะ
1. นวนิยาย
นวนิยาย
นว ธ739ว ฉ.1 
  Barcode: 007086
ห้องสมุดวิทยาเขตสวรรค์ประชารักษ์
►หนังสือทั่วไป
บนชั้น

รายการใกล้เคียง
    ชื่อเรื่อง [วารีสีเลือด]

    ผู้แต่ง [ธุวัฒธรรพ์]

    หัวเรื่อง [นวนิยาย]

BibComment


ยังไม่เคยถูกคอมเมนท์

คอมเมนท์ทรัพยากรรายการนี้
  คอมเมนท์: วารีสีเลือด


 Copyright 2026. Bcnsprnw @Library